Hospodársky vývoj Slovenska v roku 2002 štúdia vypracovaná na požiadanie Európskej hospodárskej komisie OSN

Salvato in:
Dettagli Bibliografici
Autore principale: Okáli, Ivan
Natura: Libro
Lingua:slovacco
Pubblicazione: Bratislava Ústav slovenskej a svetovej ekonomiky SAV 2003
Soggetti:
Tags: Aggiungi Tag
Nessun Tag, puoi essere il primo ad aggiungerne!!

MARC

LEADER 00000nam$a2200000$$$4500
001 0001633
005 20240313135336.7
020 |a 80-7144-128-7 
041 0 |a slo 
044 |a SK 
245 1 0 |a Hospodársky vývoj Slovenska v roku 2002  |b štúdia vypracovaná na požiadanie Európskej hospodárskej komisie OSN  |c Ivan Okáli a kolektív 
264 1 |a Bratislava  |b Ústav slovenskej a svetovej ekonomiky SAV  |c 2003 
300 |a 43 s. 
610 2 0 |a vývoj hospodársky 
610 2 0 |a produkcia 
610 2 0 |a vývoj cenový 
610 2 0 |a trh práce 
610 2 0 |a bilancia platobná 
610 2 0 |a kapitál zahraničný 
610 2 0 |a obchod zahraničný 
610 2 0 |a politika finančná 
610 2 0 |a politika menová 
610 2 0 |a produkt domáci hrubý 
610 2 0 |a výkonnosť ekonomiky 
610 2 0 |a legislatíva 
610 2 0 |a politika hospodárska 
610 2 0 |a prognózy 
610 2 0 |a Slovensko 
100 1 |a Okáli, Ivan